000 00631nam a2200217 i 4500
001 bg
100 1 _aMILIAN, Lech
245 1 0 _aWprowadzenie do socjologii przemysłu /
_cLech Milian ; Politechnika Częstochowska.
260 _aCzęstochowa :
_bWydaw. PC,
_c1994.
300 _a166 s. :
_b1 rys. ;
_c24 cm.
504 _aBibliogr. s. 162-165. - Summ.
650 9 _aPrzemysł
_xsocjologia
650 9 _aPrzedsiębiorstwo
_xsocjologia
020 _a8385031332
040 _cBPK
041 0 _apl
_bplen
080 _a658.1/.5:316.334.2
920 _a83-85031-33-2
942 _cKS
008 s pl f |000 0 pol
999 _c30291
_d30291
856 _uhttp://koha.tu.koszalin.pl/cgi-bin/koha/opac-detail.pl?biblionumber=30291
_yKatalog online BPK